000
00311nam a22001337a 4500
020
_a
9789693516579
040
_c
NUST
082
_a
297.4 AHM
100
_a
Ahmad Rafiq, Prof
_9
110234
245
_a
Pas-i-Hijaab
260
_a
Lahore:
_b
Sang-e-Meel,
_c
2015.
650
_a
Islam-Essays
_9
111972
942
_2
ddc
_c
BK
999
_c
593681
_d
593681